| 000 | 00651nam a2200205Ia 4500 | ||
|---|---|---|---|
| 003 | OSt | ||
| 005 | 20250305115926.0 | ||
| 008 | 210210b2001 xxu||||| |||| 00| 0 eng d | ||
| 040 | _cAL | ||
| 041 | _aKonkani | ||
| 082 | _a891.468 KONT | ||
| 100 |
_aKONKANI MAHAMANEST LEKHANAMALA. _dಕೊಂಕಣಿ ಮಹಾಮನೆಸ್ತ್ ಲೇಖನಮಾಲಾ _9204243 |
||
| 245 |
_aThimmappa Nayaka. _bತಿಮ್ಮಪ್ಪ ನಾಯಕ್ |
||
| 260 |
_aManglur. _bKarnataka Konkani Sahitya Akademy. _c2001 |
||
| 300 | _a57 | ||
| 650 |
_aTimmappa Nayaka _9204244 |
||
| 690 |
_aKonkani Biography _9204245 |
||
| 906 | _a058601 | ||
| 942 |
_2ddc _cBK |
||
| 999 |
_c105785 _d105785 |
||